000 00447nam a2200169Ia 4500
005 20250508151126.0
008 008 250505s9999 xx 000 0 eng d
037 _aBooks to be hide in OPAC
040 _aFEDL
_beng
_cFEDL
041 _aeng
_2eng
084 _a759.954, TAG
_qFEDL
100 _aTagore Rabindranath
245 0 _aChitralipi
546 _aVisva-bharati
942 _cHB
_h759.954, TAG
999 _c1327743
_d1327743